1518 1735 1008 1298 1770 1507 1898 1831 1436 1097 1459 1467 1411 1609 1670 1311 1838 1511 1941 1534 1038 1119 1792 1415 1141 1891 1393 1592 1756 1357 1017 1615 1714 1702 1936 1364 1276 1911 1433 1294 1838 1174 1543 1034 1969 1726 1059 1842 1466 1427 1780 1376 1274 1122 1613 1281 1602 1681 1223 1444 1106 1178 1509 1939 1564 1378 1156 1398 1041 1137 1938 1105 1876 1685 1502 1290 1298 1773 1488 1783 1077 1395 1915 1664 1313 1611 1221 1792 1502 1195 1605 1611 1955 1710 1095 1495 1654 1406 1683 BCNSPRNW ULIB Ver.6.0+V

เปลี่ยนเป็นภาษาไทย

Change to English
 แสดงรายละเอียดบรรณานุกรม
  กลับหน้าหลัก

Brief Record : Get Marc (ISO 2709) : E-mail record : QR code < ปิดหน้าต่าง
LEADER : 00000nam 2200000uu 4500
001    13399121052
003     ULIB
008    121101s2549||||th 000 0 tha d
020    ^a9749770153
050 04 ^aHV5072^bพ191ค
100 0  ^aวิวัฒน์ วนรังสิกุล
245 00 ^aโครงการงดเหล้าเข้าพรรษา :^bหนึ่งภาพสะท้อนทิศทางการทำงานเชิงเครือข่ายในสังคมไทย /^cจัดทำโดย บุญเรือง ขาวนวล ... [และคนอื่น ๆ] ; บรรณาธิการ,วิวัฒน์ วนรังสิกุล
246 24 ^aรายงานการถอดบทเรียนโครงการงดเหล้าเข้าพรรษาปี 2548 ของสมาคมหมออนามัย :^bหนึ่งภาพสะท้อนทิศทางการทำงานเชิงเครือข่ายในสังคมไทย
260    ^aนนทบุรี :^bสมาคมหมออนามัย,^c2549
300    ^a217 หน้า :^bภาพประกอบ ;^c27 ซม.
610 27 ^aโครงการงดเหล้าเข้าพรรษา
650  4 ^aการดื่มสุรา^vวิจัย
650  4 ^aวิจัย
700 0  ^aบุญเรือง ขาวนวล
700 0  ^aวิวัฒน์ วนรังสิกุล,^eบรรณาธิการ
710 2  ^aสมาคมหมออนามัย
945    ^p0^l0^i24358
995    ^aทศพร
999    ^aทศพร เกษรทอง
รายการนี้ยังไม่มีแท็ก
คุณยังไม่ได้ล็อกอิน คุณสามารถมีกิจกรรมร่วมกับเว็บไซต์ได้ แต่ต้องล็อกอินก่อน ::
  ล็อกอิน

รายการสื่อสารสนเทศ

ลำดับที่ ประเภท เลขเรียก/บาร์โค้ด สถานที่ สถานะ
1. วิทยาศาสตร์การแพทย์ และสุขภาพ
วิทยาศาสตร์การแพทย์ และสุขภาพ
HV5072 พ191ค ฉ.1 
  Barcode: 24358
ห้องสมุดวิทยาเขตสวรรค์ประชารักษ์
►หนังสือทั่วไป
บนชั้น

รายการใกล้เคียง
    ผู้แต่ง [วิวัฒน์ วนรังสิกุล]

    หัวเรื่อง [วิจัย]

BibComment


ยังไม่เคยถูกคอมเมนท์

คอมเมนท์ทรัพยากรรายการนี้
  คอมเมนท์: โครงการงดเหล้าเข..


 Copyright 2026. Bcnsprnw @Library